000 00418cam a2200169 4500
001 D6461
008 090401t1981 xxu||||| |||| 00| 0 eng d
035 _a(Sirsi) u987
041 _aeng
050 _a333.336
245 _aLand Use control handbook: industrial property development
260 _aReading
_bCALUS
_c1981
300 _a6 booklets in binder. 27cm
350 _a24
942 _n0
948 _c04/03/1997
999 _c85608
_d85608